<?xml version="1.0" encoding="UTF-8"?>
<marc:record xmlns:marc="http://www.loc.gov/MARC21/slim">
   <marc:leader>00000nam a2200000 a 4500</marc:leader>
   <marc:datafield ind1="1" ind2=" " tag="100">
      <marc:subfield code="a">Stephan, Rebecca</marc:subfield>
      <marc:subfield code="4">aut</marc:subfield>
      <marc:subfield code="e">Verfasser/-in</marc:subfield>
   </marc:datafield>
   <marc:datafield ind1=" " ind2=" " tag="653">
      <marc:subfield code="a">Beziehung</marc:subfield>
   </marc:datafield>
   <marc:datafield ind1=" " ind2=" " tag="653">
      <marc:subfield code="a">Liebe</marc:subfield>
   </marc:datafield>
   <marc:datafield ind1="0" ind2="0" tag="245">
      <marc:subfield code="a">Zwei halbe Leben</marc:subfield>
   </marc:datafield>
   <marc:datafield ind1="0" ind2="0" tag="245">
      <marc:subfield code="b">Roman</marc:subfield>
   </marc:datafield>
   <marc:datafield ind1="0" ind2="0" tag="245">
      <marc:subfield code="c">Rebecca Stephan</marc:subfield>
   </marc:datafield>
   <marc:datafield ind1=" " ind2="1" tag="264">
      <marc:subfield code="a">München</marc:subfield>
      <marc:subfield code="b">List</marc:subfield>
      <marc:subfield code="c">2010</marc:subfield>
   </marc:datafield>
   <marc:datafield ind1="1" ind2=" " tag="520">
      <marc:subfield code="a">Nachdem Sophie und Maximilian 1944 nach einem Bombenangriff in einem Luftschutzkeller gefangen sind, wissen sie noch nicht, dass sich ihr Leben komplett ändern wird - die beiden verlieben sich ineinander, obwohl sie verheiratet sind. Irgendwann dann könnten sie gehen - tun es aber nicht; sie beschließen, noch vier Wochen dort unten zu bleiben. In dieser Zeit wechselt sich die Liebe mit der Verzweiflung ab, denn Sophie und Max wissen, dass sie nicht zusammenbleiben können. Aber sie haben einen Plan: einmal im Jahr wollen sie zu einer beliebigen Uhrzeit zum Frankfurter Römer gehen und dort genau fünf Minuten auf den anderen warten. Sollten sie beide gleichzeitig da sein, werden sie für immer zusammenbleiben. - So beginnt eine Geschichte, die über zwanzig Jahre geht...</marc:subfield>
   </marc:datafield>
   <marc:datafield ind1=" " ind2=" " tag="020">
      <marc:subfield code="a">9783471350386</marc:subfield>
      <marc:subfield code="9">9783471350386</marc:subfield>
   </marc:datafield>
   <marc:datafield ind1=" " ind2=" " tag="020">
      <marc:subfield code="a">3471350381</marc:subfield>
      <marc:subfield code="9">3471350381</marc:subfield>
   </marc:datafield>
   <marc:datafield ind1="0" ind2=" " tag="490">
      <marc:subfield code="v">0</marc:subfield>
   </marc:datafield>
   <marc:datafield ind1=" " ind2=" " tag="300">
      <marc:subfield code="a">328 S.</marc:subfield>
   </marc:datafield>
</marc:record>
